00629cam a22002411 4500001001300000003000400013005001700017008004100034010001700075035002000092040001800112042001200130050001600142100002000158240005100178245003200229260001600261300002300277500001500300650003000315650002000345740002200365ne 68001967 DLC20260227111842.0881024q1958 xx 000 0 per  ane 68001967  a(OCoLC)23567303 aDLCcMiUdDLC apremarc00aHN40.M6bF51 aFikrī, Alī.00aAmsād al-iytimā iyah wa-ilayuha.lPersian.10aKitāb-i dard va darmān. c[1958] 1336 a11, 483 p.c26 cm. aRomanized. 0aIslam and social problems 0aSocial problems0 aDard va darmān.